LDR 00880naa#a2200217#i#450# 001 EN\\bibl\126611 005 20260702185504.4 011 ## _a2222-7962 100 ## _a20260628b2026####ek#y0engy0150####ca 102 ## _aRU 200 1# _aModeling the process of rut formation during sequential interaction of forwarder wheels with solid obstacles on a skid trail taking into account soil moisture _eJournal article 210 1# _aVoronezh _cFSBE Institution of Higher Education Voronezh State University of Forestry and Technologies named after G.F. Morozov _d2026 215 ## _a12 с. 608 ## _aJournal article _2local 675 ## _aЛесное хозяйство. Лесоводство. 630 _z 700 #1 _aShapiro _gVladimir Yakovlevich 700 #1 _aGrigor'ev _gI. V. 700 #1 _aSibiryatkin _gE. V. 700 #1 _aTihonov _gE. A. 700 #1 _aPerfil'ev _gPavel Nikolaevich 856 4# _anaukaru.ru _u